| 000 | 00747nam a22001577a 4500 | ||
|---|---|---|---|
| 003 | OSt | ||
| 005 | 20151217152311.0 | ||
| 008 | 151217b xxu||||| |||| 00| 0 eng d | ||
| 040 | _cRUA | ||
| 082 | _aAED KHU 2008 B231 Or.1 | ||
| 100 |
_95046 _aKHUTH, KHUNNY. |
||
| 245 | _aWomen's participation in improvement of household living standard in phnov commune, santok district, kampong thom province, ការចូលរួមរបស់ស្រ្តីក្នុងការលើកកំពស់កំរិតជីវភាពគ្រួសាក្នុងឃុំពៅ ស្រុកសន្ទុក ខេត្តកំពង់ធំ | ||
| 260 |
_aPhnom Penh _bRUA _c2008 |
||
| 300 |
_axii; 45p. _bill. _c29cm. |
||
| 942 |
_2ddc _cAED |
||
| 999 |
_c4694 _d4694 |
||